00454nam a2200193Ia 4500003000900000008004100009040001300050040001300063041000800076100001300084245007400097250001000171260001200181260000900193300001100202300000800213490003300221490000600254IT-RoPAU120407s9999 xx 000 0 und d aIT-RoPAU cIT-RoPAU afra aApponius a"Commentairesur le Cantique des Cantiques. Tome III. Livres IX-XII." aParis aDu Cerf c1998 a342 p. c cm aSources Chrétiennes, 430 v1